|
|
|
|
| LEADER |
00000nam0a2200000 4500 |
| 001 |
118832 |
| 005 |
20231101215509.0 |
| 010 |
|
|
|a 5241003088
|
| 035 |
|
|
|a (RuTPU)RU\TPU\book\128582
|
| 035 |
|
|
|a RU\TPU\book\64769
|
| 090 |
|
|
|a 118832
|
| 100 |
|
|
|a 20070619d2006 m y0rusy50 ca
|
| 101 |
0 |
|
|a rus
|
| 102 |
|
|
|a RU
|
| 105 |
|
|
|a y j 001zy
|
| 200 |
1 |
|
|a Прикладной туроперейтинг
|e учебное пособие
|f Д.С. Ушаков
|
| 210 |
|
|
|a Москва
|c МарТ
|d 2006
|
| 215 |
|
|
|a 445 с.
|
| 320 |
|
|
|a Библиогр.: с. 410-411.
|
| 320 |
|
|
|a Глоссарий: с. 400-408.
|
| 330 |
|
|
|a Данное учебное пособие содержит необходимый как для изучения основ туроперейтинга, так и для первичной организации работы туроператора минимум информации, отражающей все основные направления работы современного туроператора, его взаимоотношения с поставщиками туристических услуг, органами государства, турагентами, туристами. Предназначено для студентов туристических специальностей и работников туриндустрии.
|
| 451 |
|
1 |
|0 (RuTPU)RU\TPU\book\64769
|y 5-241-00308-8
|t Прикладной туроперейтинг
|o учебное пособие
|f Д.С. Ушаков
|c М.
|n МарТ
|d 2004
|p 416 с.
|a Ушаков, Денис Сергеевич
|
| 606 |
1 |
|
|a Туризм
|x Экономика
|2 stltpush
|3 (RuTPU)RU\TPU\subj\53770
|9 71935
|
| 610 |
1 |
|
|a экономика
|
| 610 |
1 |
|
|a туризм
|
| 610 |
1 |
|
|a туристические предприятия
|
| 610 |
1 |
|
|a туристические фирмы
|
| 610 |
1 |
|
|a туристический бизнес
|
| 610 |
1 |
|
|a туроператоры
|
| 610 |
1 |
|
|a туроперейтинг
|
| 610 |
1 |
|
|a документооборот
|
| 610 |
1 |
|
|a конфликты
|
| 610 |
1 |
|
|a автоматизация
|
| 610 |
1 |
|
|a правовое регулирование
|
| 610 |
1 |
|
|a учебные пособия
|
| 686 |
|
|
|a У9(2)43я73
|v LBC/SL-A
|2 rubbk
|
| 700 |
|
1 |
|a Ушаков
|b Д. С.
|g Денис Сергеевич
|
| 801 |
|
1 |
|a RU
|b 63413507
|c 20040305
|g PSBO
|
| 801 |
|
2 |
|a RU
|b 63413507
|c 20211214
|g PSBO
|
| 900 |
|
|
|a Маркетинг в социально-культурном сервисе и туризме
|
| 900 |
|
|
|a Управление и планирование в СКС и туризме
|
| 900 |
|
|
|a Организация предоставления туристических услуг
|
| 900 |
|
|
|a Экономика отечественного и международного туризма
|
| 900 |
|
|
|a Правовое обеспечение социально-культурного сервиса и туризма
|
| 900 |
|
|
|a Стандартизация и сертификация социально-культурных и туристических услуг
|
| 900 |
|
|
|a Документационное обеспечение управления социально-культурного сервиса и туризма
|
| 900 |
|
|
|a Организация обслуживания
|
| 942 |
|
|
|c BK
|